Statistieken voor Kun je alle landen noemen met minder dan 100.000 inwoners?

Klik hier om de quiz te nemen!

Algemene statistieken

  • Deze quiz is 86 keer genomen
  • De gemiddelde score is 9 van 13

Antwoordstatistieken

bevolkingantwoorden% Correct
801Vaticaanstad
94%
38,128Liechtenstein
89%
33,931San Marino
89%
77,265Andorra
88%
39,242Monaco
85%
11,792Tuvalu
71%
18,094Palau
66%
53,199Saint Kitts en Nevis
66%
59,190Marshalleilanden
63%
10,824Nauru
63%
98,347Seychellen
54%
97,929Antigua en Barbuda
48%
71,986Dominica
45%

Scoreverdeling

Percentiel versus Aantal Correcte Antwoorden

Procent van Mensen met Elke Score

Uw Scoregeschiedenis

U heeft deze quiz nog niet genomen